[Event "Mislata op 53rd"]
[Site "Mislata"]
[Date "2019.08.23"]
[Round "7"]
[White "De Sallier, Francois"]
[Black "Orosa Martinez, Victor"]
[Result "0-1"]
[WhiteElo "2103"]
[BlackElo "2006"]
[PlyCount "90"]
[EventDate "2019.08.19"]
[EventType "swiss"]
[EventRounds "9"]
[EventCountry "ESP"]
[SourceTitle "EXT 2020"]
[Source "ChessBase"]
[SourceDate "2019.10.17"]
[SourceVersion "1"]
[SourceVersionDate "2019.10.17"]
[SourceQuality "1"]

1. d4 Nf6 2. Nc3 d5 3. Bg5 c5 4. Nf3 Ne4 5. Bd2 cxd4 6. Nxd4 Nxd2 7. Qxd2 e5 8. Nf3 d4 9. Nd1 Nc6 10. e3 Bc5 11. Bb5 0-0 12. 0-0 Re8 13. exd4 exd4 14. c3 Bg4 15. Bxc6 bxc6 16. Nxd4 Qf6 17. Ne3 Bh5 18. b4 Bd6 19. Rfe1 Bg6 20. Nf1 c5 21. Rxe8+ Rxe8 22. Re1 Rxe1 23. Qxe1 cxd4 24. Qe8+ Bf8 25. c4 Qe7 26. Qxe7 Bxe7 27. c5 a5 28. a3 axb4 29. axb4 Kf8 30. Nd2 Ke8 31. Kf1 Kd7 32. Ke2 Kc6 33. Nc4 Kb5 34. Ne5 Be4 35. f3 Bd5 36. Kd3 Bf6 37. Kxd4 Bc6 38. h4 Kxb4 39. g4 Bxe5+ 40. Kxe5 Kxc5 41. f4 Bd7 42. g5 Bg4 43. f5 Kc6 44. Kf4 Bd1 45. Ke5 Kd7 0-1

[Event "Mislata op 53rd"]
[Site "Mislata"]
[Date "2019.08.22"]
[Round "6"]
[White "De Sallier, Francois"]
[Black "Lucas Leon, Angel"]
[Result "1-0"]
[WhiteElo "2103"]
[BlackElo "2011"]
[PlyCount "37"]
[EventDate "2019.08.19"]
[EventType "swiss"]
[EventRounds "9"]
[EventCountry "ESP"]
[SourceTitle "EXT 2020"]
[Source "ChessBase"]
[SourceDate "2019.10.17"]
[SourceVersion "1"]
[SourceVersionDate "2019.10.17"]
[SourceQuality "1"]

1. d4 d5 2. Nc3 Nf6 3. Bg5 Nbd7 4. Nf3 h6 5. Bh4 e6 6. Qd3 Be7 7. Bg3 c5 8. e4 dxe4 9. Nxe4 Nxe4 10. Qxe4 0-0 11. Bd3 Nf6 12. Qe2 cxd4 13. 0-0-0 Qa5 14. Kb1 b6 15. Nxd4 Bb7 16. f3 Kh8 17. Bb5 Rac8 18. Be1 Bb4 19. Nb3 1-0

[Event "Mislata op 53rd"]
[Site "Mislata"]
[Date "2019.08.22"]
[Round "5"]
[White "Pena Riasco, Alexander"]
[Black "De Sallier, Francois"]
[Result "1-0"]
[WhiteElo "2164"]
[BlackElo "2103"]
[PlyCount "75"]
[EventDate "2019.08.19"]
[EventType "swiss"]
[EventRounds "9"]
[EventCountry "ESP"]
[SourceTitle "EXT 2020"]
[Source "ChessBase"]
[SourceDate "2019.10.17"]
[SourceVersion "1"]
[SourceVersionDate "2019.10.17"]
[SourceQuality "1"]

1. d4 Nf6 2. Bf4 e6 3. e3 c5 4. Nd2 Nc6 5. c3 d5 6. Bd3 Bd6 7. Bxd6 Qxd6 8. f4 b6 9. Ngf3 0-0 10. Ne5 Bb7 11. 0-0 Qc7 12. Qf3 Ne7 13. g4 Ne8 14. Qh3 g6 15. f5 exf5 16. gxf5 Bc8 17. Qh6 Nxf5 18. Bxf5 Bxf5 19. Rxf5 gxf5 20. Kh1 f6 21. Rg1+ Ng7 22. Nef3 Rf7 23. Nh4 Qd7 24. Nf1 cxd4 25. cxd4 Rc8 26. Ng3 Rc2 27. Nh5 Qe7 28. Qf4 Kf8 29. Nxf5 Nxf5 30. Qb8+ Qe8 31. Rg8+ Kxg8 32. Qxe8+ Rf8 33. Qe6+ Kh8 34. Qxf5 Rxb2 35. Nxf6 Rf7 36. Qc8+ Kg7 37. Nh5+ Kg6 38. Qe6+ 1-0

[Event "Berlin Lichtenberger op 14th"]
[Site "Berlin"]
[Date "2015.08.23"]
[Round "9"]
[White "De Sallier, Francois"]
[Black "Kutschke, Jens"]
[Result "1-0"]
[WhiteElo "2131"]
[BlackElo "1975"]
[PlyCount "167"]
[EventDate "2015.08.15"]
[EventType "swiss"]
[EventRounds "9"]
[EventCountry "GER"]
[SourceTitle "EXT 2016"]
[Source "ChessBase"]
[SourceDate "2015.10.08"]
[SourceVersion "1"]
[SourceVersionDate "2015.10.08"]
[SourceQuality "1"]

1. e4 e6 2. d3 d5 3. Qe2 dxe4 4. dxe4 e5 5. Nf3 Nc6 6. c3 Nf6 7. Qc2 Bd6 8. Be2 0-0 9. Bg5 Qe7 10. Nbd2 a6 11. a4 Nd8 12. Nc4 Ne6 13. Bh4 Nf4 14. 0-0 Bg4 15. Ne3 Bh5 16. Rfe1 Bc5 17. Nf5 Qe6 18. b4 Ba7 19. Ng5 Nxe2+ 20. Rxe2 Qc4 21. Ree1 Bg6 22. Ne7+ Kh8 23. Nxg6+ fxg6 24. Nf3 Rae8 25. Bg3 Nh5 26. Rad1 Nxg3 27. hxg3 Qf7 28. Re2 h6 29. Rd5 Qf6 30. Rd7 Qc6 31. Qd3 g5 32. Qd5 Qxa4 33. Rxc7 Rd8 34. Qxe5 Rd1+ 35. Kh2 Rg8 36. Qe6 Qa1 37. Kh3 Rh1+ 38. Kg4 Qf1 39. Rc8 Rxc8 40. Qxc8+ Kh7 41. Qf5+ Kg8 42. Rd2 Bb6 43. Rd7 Qc4 44. Qe5 h5+ 45. Kxg5 Qb5 46. Qxb5 axb5 47. Nd4 Rf1 48. f4 Re1 49. e5 Re3 50. Nf5 Rxc3 51. Rxb7 Bd8+ 52. Kg6 Rc6+ 53. Nd6 Bc7 54. Rxb5 Bxd6 55. exd6 Rxd6+ 56. Kxh5 Kh7 57. g4 Rh6+ 58. Kg5 Rh2 59. Rb7 Rxg2 60. f5 Rf2 61. b5 Rf1 62. b6 Rf2 63. Rc7 Rb2 64. b7 Rb5 65. Kh5 Kg8 66. Rc8+ Kh7 67. b8Q Rxb8 68. Rc7 Rb5 69. Re7 Rc5 70. Kg5 Rb5 71. Kf4 Rb1 72. Re3 Rb4+ 73. Kg5 Rb6 74. Re5 Rb1 75. f6 gxf6+ 76. Kxf6 Rb6+ 77. Kf5 Rb7 78. Re6 Rb5+ 79. Kf6 Rb7 80. g5 Rg7 81. Kf5 Rf7+ 82. Rf6 Kg7 83. Ke6 Rxf6+ 84. gxf6+ 1-0

[Event "Berlin Lichtenberger op 14th"]
[Site "Berlin"]
[Date "2015.08.18"]
[Round "4"]
[White "Kornrumpf, Joachim"]
[Black "De Sallier, Francois"]
[Result "1/2-1/2"]
[WhiteElo "2046"]
[BlackElo "2131"]
[PlyCount "65"]
[EventDate "2015.08.15"]
[EventType "swiss"]
[EventRounds "9"]
[EventCountry "GER"]
[SourceTitle "EXT 2016"]
[Source "ChessBase"]
[SourceDate "2015.10.08"]
[SourceVersion "1"]
[SourceVersionDate "2015.10.08"]
[SourceQuality "1"]

1. b3 c5 2. c4 Nc6 3. Bb2 e5 4. e3 g6 5. Nf3 Bg7 6. d3 Nge7 7. a3 0-0 8. Qc2 b6 9. Be2 a5 10. 0-0 d5 11. cxd5 Nxd5 12. Nbd2 Qe7 13. Rfe1 Rb8 14. Rac1 Be6 15. Bf1 Rfc8 16. Qb1 Ra8 17. Nc4 Qc7 18. Qa1 f6 19. Ncd2 Qb8 20. d4 cxd4 21. exd4 Bf7 22. dxe5 fxe5 23. Nxe5 Nxe5 24. Rxc8+ Qxc8 25. Bxe5 Bxe5 26. Qxe5 Qc2 27. Qd4 Qc3 28. Qxc3 Nxc3 29. Bc4 Bxc4 30. Nxc4 b5 31. Ne3 Rd8 32. Kf1 Rd2 33. Rc1 1/2-1/2

[Event "Berlin Lichtenberger op 14th"]
[Site "Berlin"]
[Date "2015.08.16"]
[Round "2"]
[White "Khorolskyi, Borys"]
[Black "De Sallier, Francois"]
[Result "1-0"]
[WhiteElo "1936"]
[BlackElo "2131"]
[PlyCount "57"]
[EventDate "2015.08.15"]
[EventType "swiss"]
[EventRounds "9"]
[EventCountry "GER"]
[SourceTitle "EXT 2016"]
[Source "ChessBase"]
[SourceDate "2015.10.08"]
[SourceVersion "1"]
[SourceVersionDate "2015.10.08"]
[SourceQuality "1"]

1. b3 c5 2. c4 Nc6 3. Nc3 g6 4. Bb2 d6 5. g3 Bg7 6. Bg2 e6 7. Nf3 Nge7 8. 0-0 0-0 9. e4 Rb8 10. d3 a6 11. Qd2 b6 12. Ne2 e5 13. Ne1 b5 14. f4 bxc4 15. dxc4 Qc7 16. Rd1 Nd4 17. fxe5 dxe5 18. Nc3 Bg4 19. Ra1 Qd7 20. Nd3 Qd6 21. Ba3 Rfc8 22. Qf2 f6 23. Nd5 Nxd5 24. cxd5 Nb5 25. Bxc5 Qc7 26. Rfc1 Bh6 27. Rf1 Bg7 28. Rac1 f5 29. Bf8 1-0

[Event "Calvia Amateur op 4th"]
[Site "Calvia"]
[Date "2007.10.08"]
[Round "3"]
[White "De Sallier, Francois"]
[Black "Munoz Orts, German"]
[Result "0-1"]
[WhiteElo "2134"]
[BlackElo "2166"]
[PlyCount "100"]
[EventDate "2007.10.06"]
[EventType "swiss"]
[EventRounds "9"]
[EventCountry "ESP"]
[SourceTitle "CBM 120 Extra"]
[Source "ChessBase"]
[SourceDate "2007.11.01"]
[SourceVersion "1"]
[SourceVersionDate "2007.11.01"]
[SourceQuality "1"]

1. e4 e5 2. Nf3 d6 3. d4 Qe7 4. Qd3 Nd7 5. c3 Ngf6 6. dxe5 dxe5 7. Nbd2 Nc5 8. Qc2 Bg4 9. Be2 Nh5 10. b4 Nd7 11. 0-0 Nf4 12. Bd1 Qf6 13. Nc4 Be7 14. Ne3 h5 15. Nd5 Nxd5 16. exd5 Bf5 17. Qb3 Qg6 18. Re1 e4 19. Nd4 Bh3 20. g3 h4 21. Qc2 hxg3 22. fxg3 f5 23. Ne6 Bd6 24. Bf4 Ne5 25. Be2 Kf7 26. Qd2 Bg4 27. Bxe5 Bxe5 28. Bxg4 Qxg4 29. Rac1 Rh5 30. Qe2 Qxe2 31. Rxe2 Rah8 32. Rcc2 Bd6 33. a3 Kf6 34. Rg2 R5h6 35. Kf1 b5 36. Nd4 a6 37. Nc6 g5 38. Rge2 Re8 39. c4 bxc4 40. Rxc4 e3 41. Kg2 f4 42. Kf3 Reh8 43. h4 g4+ 44. Ke4 Re8+ 45. Kd3 f3 46. Rxe3 f2 47. Rc1 Rxe3+ 48. Kxe3 Bxg3 49. Nb8 Ke5 50. h5 Bf4+ 0-1

[Event "Syre Memorial op 30th"]
[Site "Issy les Moulineaux"]
[Date "2007.05.19"]
[Round "4"]
[White "De Sallier, Francois"]
[Black "Debray, Christopher"]
[Result "0-1"]
[WhiteElo "2132"]
[BlackElo "2302"]
[PlyCount "40"]
[EventDate "2007.05.17"]
[EventType "swiss"]
[EventRounds "6"]
[EventCountry "FRA"]
[SourceTitle "EXT 2008"]
[Source "ChessBase"]
[SourceDate "2007.11.25"]
[SourceVersion "1"]
[SourceVersionDate "2007.11.25"]
[SourceQuality "1"]

1. e4 e5 2. Nf3 d6 3. d4 Nd7 4. Be3 Ngf6 5. Nc3 c6 6. a4 Be7 7. Be2 h6 8. h3 Qc7 9. 0-0 g5 10. dxe5 dxe5 11. Nd2 Nf8 12. Nc4 Ng6 13. Qd2 Bb4 14. f3 Nf4 15. Rfd1 Nxe2+ 16. Qxe2 Be6 17. Na2 Be7 18. Nc3 Rg8 19. Rd2 Nh5 20. Bf2 Nf4 0-1

[Event "Syre Memorial op 30th"]
[Site "Issy les Moulineaux"]
[Date "2007.05.19"]
[Round "5"]
[White "Song, Julien"]
[Black "De Sallier, Francois"]
[Result "0-1"]
[WhiteElo "1957"]
[BlackElo "2132"]
[PlyCount "64"]
[EventDate "2007.05.17"]
[EventType "swiss"]
[EventRounds "6"]
[EventCountry "FRA"]
[SourceTitle "EXT 2008"]
[Source "ChessBase"]
[SourceDate "2007.11.25"]
[SourceVersion "1"]
[SourceVersionDate "2007.11.25"]
[SourceQuality "1"]

1. d4 Nf6 2. c4 c5 3. d5 e6 4. Nc3 exd5 5. cxd5 d6 6. e4 g6 7. Nf3 a6 8. a4 Bg4 9. Be2 Bxf3 10. Bxf3 Bg7 11. 0-0 0-0 12. Bf4 Qe7 13. h3 Nbd7 14. Bh2 Rab8 15. a5 Ne8 16. Qc2 Nc7 17. Be2 b5 18. axb6 Rxb6 19. Ra2 Rfb8 20. Rc1 Nb5 21. Nxb5 axb5 22. b3 Bd4 23. Bf1 Nf6 24. Bd3 Re8 25. Qe2 Nxe4 26. Re1 f5 27. Bxb5 Reb8 28. Bc4 Qf8 29. Qd3 Ra8 30. Rae2 Rb7 31. Kf1 Rba7 32. b4 Ra3 0-1

[Event "Criterium As 2007-2008"]
[Site "Issy les Moulineaux"]
[Date "2007.??.??"]
[Round "1.2"]
[White "Thely, Ludovic"]
[Black "De Sallier, Francois"]
[Result "1/2-1/2"]
[WhiteElo "2118"]
[BlackElo "2134"]
[PlyCount "83"]
[EventDate "2007.??.??"]
[EventType "team-match"]
[EventRounds "1"]
[EventCountry "FRA"]
[SourceTitle "EXT 2017"]
[Source "ChessBase"]
[SourceDate "2016.10.25"]
[SourceVersion "1"]
[SourceVersionDate "2016.10.25"]
[SourceQuality "1"]

1. e4 c5 2. Nc3 g6 3. Nf3 Bg7 4. d4 cxd4 5. Nxd4 Nc6 6. Be3 Nf6 7. Bc4 Qa5 8. 0-0 0-0 9. Bb3 d6 10. h3 Bd7 11. Re1 Rac8 12. Qd3 Ne5 13. Qf1 b5 14. Ndxb5 Nxe4 15. f4 Nxc3 16. Nxc3 Nc6 17. Rad1 Be6 18. Qf2 Rfd8 19. Kh1 d5 20. Bd2 Qa6 21. Na4 Nd4 22. Be3 Nxb3 23. cxb3 Bf5 24. Bc5 e6 25. Nc3 Rd7 26. Bd4 Bf8 27. Qe3 Bd6 28. Qf2 Qb7 29. Qh4 Be7 30. Qf2 Be4 31. Qe3 f5 32. Kh2 Rdc7 33. Rd2 Bc5 34. Red1 Qb6 35. g3 Bxd4 36. Rxd4 Qc6 37. R1d2 Qe8 38. Ra4 Qe7 39. Qd4 Qg7 40. Nb5 Rc2 41. Nc3 Qxd4 42. Raxd4 1/2-1/2

[Event "Syre Memorial op 29th"]
[Site "Issy les Moulineaux"]
[Date "2006.05.25"]
[Round "1"]
[White "Shirazi, Kamran"]
[Black "De Sallier, Francois"]
[Result "1-0"]
[WhiteElo "2405"]
[BlackElo "2121"]
[PlyCount "93"]
[EventDate "2006.05.25"]
[EventType "swiss"]
[EventRounds "6"]
[EventCountry "FRA"]
[SourceTitle "EXT 2007"]
[Source "ChessBase"]
[SourceDate "2006.11.23"]
[SourceVersion "1"]
[SourceVersionDate "2006.11.23"]
[SourceQuality "1"]

1. e4 d6 2. d4 Nf6 3. Nc3 g6 4. f4 Bg7 5. Nf3 c5 6. e5 Nfd7 7. exd6 cxd4 8. Nb5 0-0 9. Nc7 exd6 10. Nxa8 Nc6 11. Be2 Nc5 12. 0-0 Bf5 13. Bd3 Nxd3 14. cxd3 Qxa8 15. Nh4 Qc8 16. Nxf5 Qxf5 17. Qf3 Qb5 18. a4 Qb6 19. b4 Nxb4 20. Bd2 Nc2 21. Rfb1 Qa6 22. Ra2 Ne3 23. Rb5 d5 24. Bxe3 dxe3 25. Qxe3 Qc6 26. g3 Re8 27. Qf3 Qc3 28. Re2 Rxe2 29. Qxe2 Qa1+ 30. Kg2 Qxa4 31. Rxb7 Bf6 32. Rb8+ Kg7 33. Qe8 Qxe8 34. Rxe8 Bc3 35. Kf3 a5 36. Rd8 d4 37. Ke4 Kf6 38. Re8 Bb2 39. Ra8 Bc3 40. Ra6+ Kg7 41. f5 g5 42. Kf3 h5 43. g4 h4 44. h3 Bb4 45. Ke4 Bc3 46. Ke5 Kh7 47. Kf6 1-0

[Event "Paris Apsap op 55th"]
[Site "Paris"]
[Date "2002.??.??"]
[Round "2"]
[White "De Sallier, Francois"]
[Black "Le Borgne, Pierre"]
[Result "0-1"]
[WhiteElo "2077"]
[BlackElo "2162"]
[PlyCount "70"]
[EventDate "2002.08.26"]
[EventType "swiss"]
[EventRounds "9"]
[EventCountry "FRA"]
[SourceTitle "EXT 2004"]
[Source "ChessBase"]
[SourceDate "2003.11.25"]
[SourceVersion "1"]
[SourceVersionDate "2003.11.25"]
[SourceQuality "1"]

1. e4 d6 2. d4 Nf6 3. Bd3 Nc6 4. c3 e5 5. Nf3 Be7 6. 0-0 0-0 7. dxe5 Nxe5 8. Nxe5 dxe5 9. Qc2 Bc5 10. b4 Bb6 11. a4 a5 12. Na3 axb4 13. cxb4 Rxa4 14. Qxa4 Qxd3 15. Qc2 Qxc2 16. Nxc2 Nxe4 17. Be3 Bxe3 18. Nxe3 Be6 19. Ra7 Nd6 20. Rc1 Rc8 21. Rc5 f6 22. Nd5 Bxd5 23. Rxd5 Kf7 24. f3 Ke6 25. Rc5 g5 26. Kf2 h5 27. Ke2 h4 28. h3 c6 29. Rca5 Rc7 30. Ra8 Rd7 31. Rb8 Nb5 32. Ke3 Kf5 33. Ra2 Rd4 34. Rxb7 Rxb4 35. Rc2 Na3 0-1

[Event "FRA-chT2S 9899"]
[Site "France"]
[Date "1999.??.??"]
[Round "7"]
[White "De Sallier, Francois"]
[Black "Hodot, Yves"]
[Result "0-1"]
[WhiteElo "2090"]
[BlackElo "2147"]
[PlyCount "94"]
[EventDate "1998.??.??"]
[EventType "team-tourn"]
[EventRounds "9"]
[EventCountry "FRA"]
[SourceTitle "EXT 2002"]
[Source "ChessBase"]
[SourceDate "2001.11.25"]
[SourceVersion "1"]
[SourceVersionDate "2001.11.25"]
[SourceQuality "1"]

1. e4 e6 2. d4 d5 3. Nc3 Bb4 4. e5 c5 5. Bd2 a6 6. f4 Nc6 7. dxc5 Bxc5 8. Nf3 b5 9. Bd3 Qb6 10. Qe2 Bd7 11. 0-0-0 Nb4 12. f5 Rc8 13. fxe6 fxe6 14. Ng5 Nxd3+ 15. Qxd3 Ne7 16. Rhf1 b4 17. Ne2 Qa5 18. Kb1 Ba7 19. Qf3 Nf5 20. g4 Rxc2 21. Kxc2 Qxa2 22. Rb1 Ba4+ 23. Kc1 Qc4+ 24. Nc3 bxc3 25. bxc3 0-0 26. Nxe6 Be3 27. Qxe3 Qxf1+ 28. Qe1 Qd3 29. Rb2 Ne7 30. Nxf8 Kxf8 31. Qf2+ Ke8 32. Rb8+ Kd7 33. e6+ Kxe6 34. Qe1+ Kf7 35. Qf2+ Ke6 36. Rb6+ Kd7 37. Rb2 Bb5 38. Qa7+ Ke6 39. Be1 Ng8 40. Qxg7 Qe3+ 41. Bd2 Qg1+ 42. Kc2 Ba4+ 43. Rb3 Bxb3+ 44. Kxb3 Qd1+ 45. Ka3 Qxd2 46. Qxg8+ Kd6 47. Qf8+ Kc7 0-1

[Event "FRA-chT2S 9899"]
[Site "France"]
[Date "1998.11.15"]
[Round "3"]
[White "Deumie, Philippe"]
[Black "De Sallier, Francois"]
[Result "0-1"]
[WhiteElo "2070"]
[BlackElo "2100"]
[PlyCount "202"]
[EventDate "1998.??.??"]
[EventType "team-tourn"]
[EventRounds "9"]
[EventCountry "FRA"]
[SourceTitle "EXT 2002"]
[Source "ChessBase"]
[SourceDate "2001.11.25"]
[SourceVersion "1"]
[SourceVersionDate "2001.11.25"]
[SourceQuality "1"]

1. c4 e5 2. Nc3 Nc6 3. Nf3 g6 4. d4 exd4 5. Nxd4 Bg7 6. Nxc6 bxc6 7. g3 Ne7 8. Bg2 0-0 9. 0-0 Rb8 10. Qa4 a6 11. Rd1 d6 12. Qc2 Bb7 13. e4 c5 14. Be3 Qc8 15. Rd2 Nc6 16. Nd5 Re8 17. Qd1 Ne5 18. Rc1 Bxd5 19. exd5 Rb4 20. b3 a5 21. Re2 a4 22. Bd2 Rb8 23. Rc3 axb3 24. axb3 f5 25. h3 Qd7 26. Rce3 Qf7 27. f4 Nd7 28. Rxe8+ Rxe8 29. Re6 Bd4+ 30. Kh2 Nf8 31. Re2 Rxe2 32. Qxe2 Qd7 33. Qd3 Kf7 34. Bf3 Qe7 35. b4 Nd7 36. bxc5 Bxc5 37. g4 Qh4 38. Qe2 Qf2+ 39. Qxf2 Bxf2 40. Kg2 Bb6 41. Bd1 Bd4 42. Kf3 Nb6 43. Be2 Kf6 44. Bd3 h6 45. Be1 Nd7 46. gxf5 gxf5 47. Bh4+ Kg6 48. Bd8 Bb6 49. Bh4 Bd4 50. Be1 Kf6 51. Ba5 Nb6 52. Ke2 Kg6 53. Be1 Nd7 54. Bc2 Bb6 55. Bc3 Nf6 56. Kf3 Bc5 57. Bb2 Bb6 58. Ba4 Kf7 59. Bc2 Kg6 60. Ba4 Kf7 61. Bc3 Ne4 62. Be1 Nf6 63. Bd1 Kg6 64. Be2 Nd7 65. Kg3 Be3 66. Ba5 Bb6 67. Bd2 Bd4 68. Kf3 Bb6 69. Bd3 Nf6 70. Be1 Nd7 71. Bc2 Nf6 72. Bh4 Bc5 73. Ba4 Kf7 74. Bc6 Bb6 75. Bb7 Ne4 76. Be1 Nf6 77. Bc8 Kg6 78. Be6 Ne4 79. Ke2 Nc5 80. Bc8 Ne4 81. Bd7 Nf6 82. Bc6 Kf7 83. Kd3 Ne4 84. Kc2 Nf2 85. h4 Ne4 86. Bd7 Kf6 87. h5 Bf2 88. Ba5 Be3 89. Bxc7 Bxf4 90. Bd8+ Ke5 91. Be6 Bg5 92. Ba5 f4 93. Bg4 Kd4 94. Be2 Ke3 95. Bf1 f3 96. Kd1 Bf6 97. Bb4 Bc3 98. Ba3 Ng3 99. Bh3 f2 100. Bxd6 f1Q+ 101. Bxf1 Nxf1 0-1

[Event "Val Thorens A"]
[Site "Val Thorens"]
[Date "1996.??.??"]
[Round "5"]
[White "Grandmougin, Olivier"]
[Black "De Sallier, Francois"]
[Result "1-0"]
[WhiteElo "1850"]
[BlackElo "2040"]
[PlyCount "49"]
[EventDate "1996.??.??"]
[EventType "swiss"]
[EventRounds "9"]
[EventCountry "FRA"]
[SourceTitle "EXT 2004"]
[Source "ChessBase"]
[SourceDate "2003.11.25"]
[SourceVersion "1"]
[SourceVersionDate "2003.11.25"]
[SourceQuality "1"]

1. d4 Nf6 2. c4 e5 3. dxe5 Ne4 4. Qd5 Nc5 5. Bf4 Nc6 6. Nc3 Ne6 7. e3 Bb4 8. Nf3 Bxc3+ 9. bxc3 Qe7 10. Bg3 Qa3 11. Qd2 Nc5 12. Rc1 0-0 13. Qc2 h6 14. Bf4 Re8 15. Be2 Ne6 16. Bg3 Qe7 17. 0-0 Nc5 18. Bd3 b6 19. Be4 Nxe4 20. Qxe4 Ba6 21. Rcd1 Rad8 22. Nd4 Nxe5 23. Bxe5 Qxe5 24. Qxe5 Rxe5 25. Nc6 1-0